| 000 | 00815 a2200181 4500 | ||
|---|---|---|---|
| 003 | Nust | ||
| 005 | 20221024155542.0 | ||
| 040 | _cNust | ||
| 082 | _a621.3,GRA | ||
| 100 |
_aGraham, Kennard C. _959176 |
||
| 245 |
_aIndustrial and commercial wiring / _cKennard C. Graham |
||
| 260 |
_aAmerican _bAmerican technical society . Chicago _c1955 |
||
| 300 | _a282 p | ||
| 440 |
_aElectrical Wiring _9101281 |
||
| 505 | _aIndustrial and Commercial Methods (Page-1), Electric Lamps (Page-34), Lighting Resign (Page-76), wiring for Motors (Page-98), Transformers , Capacitors and Generations (Page-146), Services – Interior Distribution (Page-167), Industrial and Commercial Calculations (Page-198), Special Application – Hazards (Page-228). | ||
| 650 |
_aIndustrial and commercial wiring _9101282 |
||
| 942 |
_2ddc _cBK |
||
| 999 |
_c190920 _d190920 |
||